[Event "Valencia Region-ch"]
[Site "Valencia"]
[Date "2016.10.29"]
[Round "4"]
[White "Redondo Flores, David"]
[Black "Palomo Ruiperez, Bruno"]
[Result "1/2-1/2"]
[WhiteElo "2040"]
[BlackElo "1932"]
[PlyCount "113"]
[EventDate "2016.10.01"]
[EventType "swiss"]
[EventRounds "7"]
[EventCountry "ESP"]
[SourceTitle "EXT 2024"]
[Source "ChessBase"]
[SourceDate "2023.10.10"]
[SourceVersion "1"]
[SourceVersionDate "2023.10.10"]
[SourceQuality "1"]

1. e4 c5 2. Nf3 d6 3. d4 cxd4 4. Nxd4 Nf6 5. Nc3 g6 6. Be3 Bg7 7. f3 0-0 8. Qd2 Nc6 9. Bc4 Bd7 10. 0-0-0 Rc8 11. Bb3 Ne5 12. h4 a5 13. a4 Nc4 14. Bxc4 Rxc4 15. b3 Rc8 16. Ndb5 Be6 17. Bh6 Bxh6 18. Qxh6 Qb6 19. g4 Rc5 20. h5 Rfc8 21. hxg6 fxg6 22. Kb2 Bf7 23. Rd2 Qd8 24. e5 Rxe5 25. Ne4 Rxe4 26. fxe4 Qf8 27. Qxf8+ Kxf8 28. Nc3 Rxc3 29. Kxc3 Nxe4+ 30. Kd3 Nxd2 31. Kxd2 h5 32. gxh5 gxh5 33. Rh4 Kg7 34. Ke3 Kg6 35. Rd4 Kf5 36. Rf4+ Kg6 37. Rd4 Kf5 38. b4 axb4 39. Rxb4 Bd5 40. Rb5 Ke6 41. a5 h4 42. Kd4 Bf3 43. Ke3 Bd5 44. Kf4 h3 45. Kg3 Bg2 46. Rh5 Kd7 47. Kf4 Kc6 48. Ke3 e5 49. Rh6 Kc5 50. Rh4 d5 51. c3 d4+ 52. cxd4+ exd4+ 53. Kd3 Bf1+ 54. Kd2 Kc4 55. Rh7 Bg2 56. Rh5 Bf1 57. Rh7 1/2-1/2

[Event "Quart de Poblet op 4th"]
[Site "Quart de Poblet"]
[Date "2016.09.02"]
[Round "2"]
[White "Palomo Ruiperez, Bruno"]
[Black "Bas Mas, Miguel"]
[Result "0-1"]
[WhiteElo "1953"]
[BlackElo "2241"]
[PlyCount "124"]
[EventDate "2016.09.01"]
[EventType "swiss"]
[EventRounds "7"]
[EventCountry "ESP"]
[SourceTitle "EXT 2024"]
[Source "ChessBase"]
[SourceDate "2023.10.10"]
[SourceVersion "1"]
[SourceVersionDate "2023.10.10"]
[SourceQuality "1"]

1. e4 e5 2. Nf3 Nc6 3. Bb5 a6 4. Ba4 Nf6 5. 0-0 b5 6. Bb3 Be7 7. Re1 d6 8. c3 0-0 9. h3 Na5 10. Bc2 c5 11. d4 Qc7 12. d5 Re8 13. Nbd2 c4 14. Nf1 h6 15. Ng3 Bf8 16. Nh2 Nb7 17. Qf3 Kh7 18. a4 Rb8 19. axb5 axb5 20. Be3 Nc5 21. Nf5 Ng8 22. Ra2 g6 23. Ng3 Re7 24. Bd2 Bg7 25. Ng4 Rb6 26. Ne3 Nf6 27. Rea1 Bd7 28. Qe2 Rb7 29. Be1 Re8 30. f3 Qd8 31. Nd1 Qc7 32. Nf2 Ng8 33. Nd1 Ne7 34. Ne3 Qd8 35. Kh2 Rf8 36. Bd2 f5 37. exf5 gxf5 38. Nh5 Ng6 39. Nxg7 Kxg7 40. Ra8 Qf6 41. R1a7 Rxa7 42. Rxa7 Rf7 43. Ra8 Nf4 44. Qe1 Kh7 45. Ng4 Qg7 46. Bxf4 exf4 47. Qh4 Qg5 48. Qxg5 hxg5 49. Nf2 Kg7 50. Kg1 Kf6 51. Kf1 Rg7 52. Ra7 Ke5 53. Ra8 Kxd5 54. Rf8 Ke5 55. Ke2 Bc6 56. Rb8 Rb7 57. Rxb7 Nxb7 58. Nd1 Na5 59. Kf2 d5 60. Ke2 d4 61. cxd4+ Kxd4 62. Kd2 b4 0-1

[Event "Sueca op 2nd"]
[Site "Sueca"]
[Date "2016.07.28"]
[Round "4.7"]
[White "Palomo Ruiperez, Bruno"]
[Black "Alberola Mulet, Jairo"]
[Result "0-1"]
[WhiteElo "1921"]
[BlackElo "2208"]
[PlyCount "100"]
[EventDate "2016.07.25"]
[EventType "swiss"]
[EventRounds "8"]
[EventCountry "ESP"]
[SourceTitle "EXT 2024"]
[Source "ChessBase"]
[SourceDate "2023.10.10"]
[SourceVersion "1"]
[SourceVersionDate "2023.10.10"]
[SourceQuality "1"]

1. e4 e6 2. d4 d5 3. Nc3 Nf6 4. e5 Nfd7 5. f4 c5 6. Nf3 Nc6 7. Be3 cxd4 8. Nxd4 Bc5 9. Qd2 0-0 10. 0-0-0 a6 11. g4 Nxd4 12. Bxd4 b5 13. f5 Bxd4 14. Qxd4 Qb6 15. Qxb6 Nxb6 16. Bd3 b4 17. Nb1 a5 18. h4 Nd7 19. Rhe1 Ba6 20. g5 Rfc8 21. g6 Bxd3 22. gxf7+ Kxf7 23. Rxd3 Rc4 24. Nd2 Nc5 25. Nxc4 Nxd3+ 26. cxd3 dxc4 27. fxe6+ Kxe6 28. dxc4 a4 29. Kc2 Rf8 30. Re4 Rf2+ 31. Kb1 b3 32. axb3 axb3 33. Kc1 Rc2+ 34. Kb1 g6 35. c5 Rxc5 36. Rb4 Rxe5 37. Rxb3 Re4 38. Rh3 Kf5 39. Kc2 Kg4 40. Rh1 Kg3 41. h5 g5 42. Kc3 Rh4 43. Rd1 Rxh5 44. b4 g4 45. Kc4 Re5 46. Rg1+ Kf3 47. Kd4 Re7 48. b5 g3 49. Kd3 g2 50. Rb1 Rg7 0-1

[Event "Sueca op 2nd"]
[Site "Sueca"]
[Date "2016.07.26"]
[Round "2.4"]
[White "Valmana Canto, Jaime"]
[Black "Palomo Ruiperez, Bruno"]
[Result "1-0"]
[WhiteElo "2389"]
[BlackElo "1921"]
[PlyCount "99"]
[EventDate "2016.07.25"]
[EventType "swiss"]
[EventRounds "8"]
[EventCountry "ESP"]
[SourceTitle "EXT 2024"]
[Source "ChessBase"]
[SourceDate "2023.10.10"]
[SourceVersion "1"]
[SourceVersionDate "2023.10.10"]
[SourceQuality "1"]

1. Nf3 Nf6 2. g3 g6 3. Bg2 Bg7 4. 0-0 0-0 5. d4 d6 6. a4 c5 7. dxc5 dxc5 8. a5 Na6 9. Qxd8 Rxd8 10. Na3 Be6 11. Ng5 Bd5 12. e4 Bc6 13. f3 h6 14. Nh3 Rac8 15. c3 e6 16. Nf2 Ne8 17. Be3 Rd7 18. Rfd1 Rcd8 19. Rxd7 Rxd7 20. Bf1 Bf8 21. Ng4 Kh7 22. Ne5 Rc7 23. Nxc6 Rxc6 24. Nb5 Nec7 25. Nxa7 Rd6 26. Nb5 Rd7 27. Kf2 Be7 28. Nxc7 Nxc7 29. Ra3 Na6 30. Rb3 Bd8 31. Rb5 Kg7 32. Bc4 Be7 33. Rb6 Bd8 34. Bxa6 Bxb6 35. Bb5 Rd6 36. axb6 Rxb6 37. c4 Rd6 38. Ke2 b6 39. Bf4 Rd8 40. Bc7 Ra8 41. Kd3 Kf6 42. Bxb6 Rc8 43. f4 Ke7 44. Kc3 Kd6 45. e5+ Ke7 46. b4 cxb4+ 47. Kxb4 h5 48. c5 h4 49. c6 Rb8 50. c7 1-0

[Event "Mislata op-C 23rd"]
[Site "Mislata"]
[Date "2015.08.13"]
[Round "5.1"]
[White "Palomo Ruiperez, Bruno"]
[Black "Gomez Gandolfo, Ruben"]
[Result "1/2-1/2"]
[WhiteElo "1895"]
[BlackElo "2136"]
[PlyCount "62"]
[EventDate "2015.08.10"]
[EventType "swiss"]
[EventRounds "9"]
[EventCountry "ESP"]
[SourceTitle "EXT 2024"]
[Source "ChessBase"]
[SourceDate "2023.10.10"]
[SourceVersion "1"]
[SourceVersionDate "2023.10.10"]
[SourceQuality "1"]

1. e4 c5 2. Nf3 Nc6 3. d4 cxd4 4. Nxd4 Nf6 5. Nc3 e5 6. Ndb5 d6 7. Bg5 a6 8. Na3 b5 9. Bxf6 gxf6 10. Nd5 f5 11. Bd3 Be6 12. c3 Bg7 13. Qh5 0-0 14. f3 fxe4 15. fxe4 h6 16. Nc2 Qg5 17. Qxg5 hxg5 18. Nce3 Ra7 19. 0-0 Ne7 20. a4 Bxd5 21. Nxd5 Nxd5 22. exd5 Rb7 23. axb5 axb5 24. Ra6 Rd8 25. Rf5 f6 26. Rf1 Kf7 27. Rfa1 Bf8 28. Bf5 Rdb8 29. Ra7 Be7 30. Kf2 Bd8 31. Kf3 Ke7 1/2-1/2

[Event "Quart de Poblet op 3rd"]
[Site "Quart de Poblet"]
[Date "2015.07.18"]
[Round "2.3"]
[White "Torres Sanchez, Jose"]
[Black "Palomo Ruiperez, Bruno"]
[Result "1-0"]
[WhiteElo "2286"]
[BlackElo "1870"]
[PlyCount "63"]
[EventDate "2015.07.18"]
[EventType "swiss"]
[EventRounds "7"]
[EventCountry "ESP"]
[SourceTitle "EXT 2024"]
[Source "ChessBase"]
[SourceDate "2023.10.10"]
[SourceVersion "1"]
[SourceVersionDate "2023.10.10"]
[SourceQuality "1"]

1. e4 c5 2. Nf3 d6 3. d4 cxd4 4. Nxd4 Nf6 5. Nc3 g6 6. Be2 Bg7 7. 0-0 0-0 8. Re1 Nc6 9. Nb3 Qc7 10. Bf1 Be6 11. Nd5 Bxd5 12. exd5 Nb4 13. c4 Na6 14. Be3 b6 15. Nd4 Qd7 16. f3 Nc7 17. b4 e6 18. dxe6 fxe6 19. Qb3 Kh8 20. Rad1 e5 21. Ne2 Qe6 22. Nc3 Rad8 23. Bf2 Qf7 24. Bh4 h6 25. Ne4 Qe6 26. Rd2 Nxe4 27. Rxe4 g5 28. Bg3 Rf6 29. Bxe5 Qf7 30. Bxf6 Bxf6 31. Qd1 Qf8 32. a3 1-0

[Event "Provincial-ch Valencia Primera"]
[Site "Valencia"]
[Date "2014.09.27"]
[Round "1.8"]
[White "Villa Campos, Josep Antoni"]
[Black "Palomo Ruiperez, Bruno"]
[Result "0-1"]
[WhiteElo "1632"]
[BlackElo "1808"]
[PlyCount "44"]
[EventDate "2014.09.27"]
[EventType "swiss"]
[EventRounds "7"]
[EventCountry "ESP"]
[SourceTitle "EXT 2024"]
[Source "ChessBase"]
[SourceDate "2023.10.10"]
[SourceVersion "1"]
[SourceVersionDate "2023.10.10"]
[SourceQuality "1"]

1. e4 e5 2. f4 Bc5 3. Nf3 d6 4. h3 Nf6 5. Nc3 Nh5 6. d4 exd4 7. Na4 0-0 8. Bd3 Ng3 9. Rg1 Qe7 10. Nd2 Nxe4 11. Nxe4 f5 12. Qe2 fxe4 13. Bxe4 Re8 14. Nxc5 dxc5 15. Bd3 Qh4+ 16. g3 Rxe2+ 17. Bxe2 Qe7 18. Kf2 Be6 19. Re1 Qf6 20. g4 Qh4+ 21. Kf1 Qxh3+ 22. Kf2 Qh2+ 0-1

[Event "Quart de Poblet op 2nd"]
[Site "Quart de Poblet"]
[Date "2014.07.20"]
[Round "3"]
[White "Ramos Ferrandis, Juan Carlos"]
[Black "Palomo Ruiperez, Bruno"]
[Result "1-0"]
[WhiteElo "2067"]
[BlackElo "1758"]
[PlyCount "49"]
[EventDate "2014.07.19"]
[EventType "swiss"]
[EventRounds "7"]
[EventCountry "ESP"]
[SourceTitle "CBM 161 Extra"]
[Source "ChessBase"]
[SourceDate "2014.08.29"]
[SourceVersion "1"]
[SourceVersionDate "2014.08.29"]
[SourceQuality "1"]

1. d4 Nf6 2. Nf3 g6 3. c4 Bg7 4. Nc3 0-0 5. e4 d6 6. Be2 e5 7. d5 a5 8. Bg5 h6 9. Bh4 Na6 10. Nd2 Nc5 11. 0-0 g5 12. Bg3 Bd7 13. b3 Qe8 14. a3 Qc8 15. b4 Na6 16. Qb3 axb4 17. axb4 Ne8 18. f3 f5 19. Bf2 g4 20. c5 Kh8 21. c6 bxc6 22. dxc6 Bxc6 23. b5 Bxb5 24. Bxb5 c6 25. Be2 1-0

[Event "Valencia-ch U18"]
[Site "Valencia"]
[Date "2012.04.13"]
[Round "6"]
[White "Palomo Ruiperez, Bruno"]
[Black "Brisa Vega, Pablo"]
[Result "1/2-1/2"]
[WhiteElo "1574"]
[BlackElo "1481"]
[PlyCount "47"]
[EventDate "2012.04.11"]
[EventType "swiss"]
[EventRounds "6"]
[EventCountry "ESP"]
[SourceTitle "CBM 147 Extra"]
[Source "ChessBase"]
[SourceDate "2012.04.24"]
[SourceVersion "1"]
[SourceVersionDate "2012.04.24"]
[SourceQuality "1"]

1. e4 c5 2. Nf3 Nc6 3. d4 cxd4 4. Nxd4 g6 5. Nc3 Bg7 6. Be3 Nf6 7. Bc4 0-0 8. Bb3 d6 9. f3 Bd7 10. Qd2 a5 11. a3 Nxd4 12. Bxd4 b5 13. Nd5 Nxd5 14. Bxd5 Rc8 15. Bxg7 Kxg7 16. 0-0 Qb6+ 17. Kh1 Rc5 18. Qd4+ e5 19. Qd2 Rfc8 20. Rfc1 b4 21. axb4 axb4 22. c4 Ra5 23. b3 Rxa1 24. Rxa1 1/2-1/2

[Event "Burjassot Provincial-ch Primera"]
[Site "Burjassot"]
[Date "2011.10.01"]
[Round "1.7"]
[White "Palomo Ruiperez, Bruno"]
[Black "Baviera Ibanez, Jorge"]
[Result "0-1"]
[WhiteElo "1586"]
[BlackElo "1779"]
[PlyCount "44"]
[EventDate "2011.10.01"]
[EventType "swiss"]
[EventRounds "7"]
[EventCountry "ESP"]
[SourceTitle "EXT 2024"]
[Source "ChessBase"]
[SourceDate "2023.10.10"]
[SourceVersion "1"]
[SourceVersionDate "2023.10.10"]
[SourceQuality "1"]

1. e4 c6 2. d4 d5 3. Nc3 dxe4 4. Nxe4 Nf6 5. Nxf6+ exf6 6. Nf3 Bd6 7. Bd3 0-0 8. 0-0 Re8 9. c3 Nd7 10. Qc2 Nf8 11. Be3 Be6 12. Rfe1 Qd7 13. Nd2 Rad8 14. Ne4 Bb8 15. h3 Ng6 16. Rad1 Nh4 17. b3 Bxh3 18. gxh3 Qxh3 19. f4 f5 20. Ng5 Qg3+ 21. Kf1 Rxe3 22. Rxe3 Qxe3 0-1

[Event "Mislata-B 45th"]
[Site "Mislata"]
[Date "2011.08.16"]
[Round "2"]
[White "Pons Lopez, Joan"]
[Black "Palomo Ruiperez, Bruno"]
[Result "1/2-1/2"]
[WhiteElo "1612"]
[BlackElo "1613"]
[PlyCount "34"]
[EventDate "2011.08.15"]
[EventType "tourn"]
[EventRounds "9"]
[EventCountry "ESP"]
[SourceTitle "EXT 2014"]
[Source "ChessBase"]
[SourceDate "2013.11.20"]
[SourceVersion "1"]
[SourceVersionDate "2013.11.20"]
[SourceQuality "1"]

1. e4 c6 2. d4 d5 3. e5 Bf5 4. Bd3 Bxd3 5. Qxd3 e6 6. Nf3 Nd7 7. 0-0 c5 8. c3 Qc7 9. Re1 Ne7 10. Bf4 cxd4 11. cxd4 Ng6 12. Bg3 Bb4 13. Nbd2 Rc8 14. Rac1 Qxc1 15. Rxc1 Rxc1+ 16. Nf1 Be7 17. N3d2 0-0 1/2-1/2